[Event "Battle of Alberta"]
[Site "Red Deer"]
[Date "2017.09.09"]
[Round "1.9"]
[White "Boehmer, Kris"]
[Black "Hughey, Micah"]
[Result "1-0"]
[WhiteElo "2113"]
[BlackElo "2053"]
[PlyCount "105"]
[EventDate "2017.09.09"]
[EventType "team-match"]
[EventRounds "2"]
[EventCountry "CAN"]
[SourceTitle "EXT 2019"]
[Source "ChessBase"]
[SourceDate "2018.10.10"]
[SourceVersion "1"]
[SourceVersionDate "2018.10.10"]
[SourceQuality "1"]
[WhiteTeam "Alberta South"]
[BlackTeam "Alberta North"]
[WhiteTeamCountry "CAN"]
[BlackTeamCountry "CAN"]

1. d4 d5 2. c4 e6 3. Nf3 c5 4. cxd5 exd5 5. g3 Nc6 6. Bg2 Nf6 7. 0-0 Be7 8. dxc5 Bxc5 9. Qc2 Bb6 10. Nc3 0-0 11. Na4 Bg4 12. Nxb6 Qxb6 13. Bg5 Ne4 14. Be3 Qa6 15. Rfe1 Rac8 16. Qd3 Qa4 17. Nd4 Ne5 18. Qb5 Qxb5 19. Nxb5 a6 20. Nd4 Nc4 21. Bc1 Bd7 22. b3 Ncd6 23. Ba3 Rfd8 24. Bxd6 Nxd6 25. Bxd5 Rc5 26. Bf3 Rdc8 27. Red1 Bh3 28. b4 Rc3 29. Nb3 Nc4 30. Bxb7 Rb8 31. Nc5 g6 32. Rac1 Rxc1 33. Rxc1 Nd6 34. Bxa6 Rxb4 35. Bd3 Rb2 36. Ra1 f6 37. f3 Nf7 38. Kf2 Ne5 39. a4 Kf7 40. a5 Ke7 41. a6 Kd6 42. a7 Kxc5 43. a8Q Nxd3+ 44. Ke3 Ne5 45. Rc1+ Nc4+ 46. Kf2 Bf5 47. Qf8+ Kd5 48. Qxf6 Bd3 49. Qd8+ Nd6 50. Qa8+ Kd4 51. Qa1 Nc4 52. Rxc4+ Kxc4 53. Qxb2 1-0

[Event "Edmonton-ch"]
[Site "Edmonton"]
[Date "2017.01.12"]
[Round "1.2"]
[White "Hughey, Micah"]
[Black "Kalisvaart, Peter"]
[Result "0-1"]
[WhiteElo "2113"]
[BlackElo "2090"]
[PlyCount "56"]
[EventDate "2017.01.05"]
[EventType "k.o."]
[EventRounds "4"]
[EventCountry "CAN"]
[SourceTitle "EXT 2022"]
[Source "ChessBase"]
[SourceDate "2021.10.06"]
[SourceVersion "1"]
[SourceVersionDate "2021.10.06"]
[SourceQuality "1"]

1. e4 e5 2. f4 exf4 3. Nf3 d5 4. exd5 Bd6 5. d4 Ne7 6. c4 b6 7. Bd3 0-0 8. 0-0 c6 9. Qc2 cxd5 10. c5 Bc7 11. Bxh7+ Kh8 12. Bd3 Na6 13. Bxa6 Bxa6 14. Ng5 Ng6 15. Qf5 Kg8 16. Nc3 Bxf1 17. Kxf1 Qf6 18. Qxf6 gxf6 19. Nh3 bxc5 20. Nxd5 Bb6 21. dxc5 Bxc5 22. Nxf6+ Kh8 23. Nd7 Rfc8 24. Nxf4 Bd4 25. Nd5 Rc2 26. Ne3 Rc7 27. Nf5 Rxd7 28. Bd2 Be5 0-1

[Event "Edmonton-ch"]
[Site "Edmonton"]
[Date "2015.02.02"]
[Round "2.4"]
[White "Wang, Richard"]
[Black "Hughey, Micah"]
[Result "1-0"]
[WhiteElo "2373"]
[BlackElo "2091"]
[PlyCount "129"]
[EventDate "2015.01.08"]
[EventType "k.o."]
[EventRounds "3"]
[EventCountry "CAN"]
[SourceTitle "EXT 2019"]
[Source "ChessBase"]
[SourceDate "2018.10.10"]
[SourceVersion "1"]
[SourceVersionDate "2018.10.10"]
[SourceQuality "1"]

1. d4 d5 2. Nf3 Nf6 3. e3 c5 4. c4 cxd4 5. exd4 g6 6. Nc3 Bg7 7. cxd5 Nxd5 8. Qb3 Nxc3 9. bxc3 0-0 10. Be2 Nc6 11. 0-0 Qc7 12. Be3 Be6 13. Qa3 Na5 14. Nd2 Rac8 15. Rac1 Rfd8 16. Nb3 Bc4 17. Bxc4 Nxc4 18. Qxa7 Ra8 19. Qc5 Qxc5 20. Nxc5 b6 21. Nd3 Rxa2 22. Nb4 Ra3 23. Nc6 Rd7 24. Ra1 Rxa1 25. Rxa1 Nxe3 26. Ra8+ Bf8 27. fxe3 Rc7 28. d5 Kg7 29. e4 e6 30. Kf2 exd5 31. exd5 Rd7 32. c4 b5 33. cxb5 Rxd5 34. Rb8 Bc5+ 35. Ke2 Bg1 36. h3 Rc5 37. Rb7 Rc2+ 38. Kf3 Kf6 39. Nd8 Rc3+ 40. Ke2 Rc2+ 41. Kf1 Rc1+ 42. Ke2 Rc2+ 43. Kd3 Rxg2 44. Rxf7+ Kg5 45. Rxh7 Rb2 46. Kc4 Rc2+ 47. Kb3 Rd2 48. Nc6 Rh2 49. Ne5 Kf5 50. Nf3 Rh1 51. Nxg1 Rxg1 52. Kb4 Rb1+ 53. Kc5 g5 54. b6 Kf4 55. Kc6 Kg3 56. Rh5 Kf4 57. b7 Rc1+ 58. Kb6 Rb1+ 59. Kc7 Rc1+ 60. Kb8 Rc3 61. Rh6 Rb3 62. Kc7 Rc3+ 63. Rc6 Rxh3 64. b8Q Rh7+ 65. Kb6+ 1-0

[Event "Edmonton-ch"]
[Site "Edmonton"]
[Date "2015.02.02"]
[Round "2.5"]
[White "Wang, Richard"]
[Black "Hughey, Micah"]
[Result "1-0"]
[WhiteElo "2373"]
[BlackElo "2091"]
[PlyCount "101"]
[EventDate "2015.01.08"]
[EventType "k.o."]
[EventRounds "3"]
[EventCountry "CAN"]
[SourceTitle "EXT 2019"]
[Source "ChessBase"]
[SourceDate "2018.10.10"]
[SourceVersion "1"]
[SourceVersionDate "2018.10.10"]
[SourceQuality "1"]

1. d4 d5 2. Nf3 Nf6 3. e3 c5 4. c3 Nc6 5. Nbd2 e6 6. Bd3 Be7 7. 0-0 Qc7 8. dxc5 Bxc5 9. b4 Be7 10. Bb2 0-0 11. Qe2 e5 12. e4 dxe4 13. Nxe4 Nxe4 14. Bxe4 Bf6 15. a3 Be6 16. c4 Bg4 17. h3 Bxf3 18. Qxf3 Nd4 19. Bxd4 exd4 20. Qf5 Rfe8 21. Qxh7+ Kf8 22. Rfe1 g6 23. Bd3 Re5 24. Bxg6 Qxc4 25. Bd3 Qd5 26. Rxe5 Qxe5 27. Qe4 Qxe4 28. Bxe4 Rd8 29. Rd1 b6 30. Kf1 Ke7 31. Ke2 Kd6 32. Rc1 Ke5 33. Kd3 Rd7 34. g3 a5 35. Rc6 Rd6 36. Rc7 Ke6 37. b5 Be7 38. h4 Kf6 39. f4 Re6 40. a4 Bc5 41. h5 Re8 42. h6 Rh8 43. h7 Ke6 44. g4 Bd6 45. Rc6 Ke7 46. Rxb6 Bxf4 47. Ra6 Rc8 48. Ra8 Rc3+ 49. Kxd4 Rh3 50. h8Q Be5+ 51. Qxe5+ 1-0

[Event "Edmonton-ch"]
[Site "Edmonton"]
[Date "2015.01.29"]
[Round "2.2"]
[White "Hughey, Micah"]
[Black "Wang, Richard"]
[Result "1/2-1/2"]
[WhiteElo "2091"]
[BlackElo "2373"]
[PlyCount "37"]
[EventDate "2015.01.08"]
[EventType "k.o."]
[EventRounds "3"]
[EventCountry "CAN"]
[SourceTitle "EXT 2019"]
[Source "ChessBase"]
[SourceDate "2018.10.10"]
[SourceVersion "1"]
[SourceVersionDate "2018.10.10"]
[SourceQuality "1"]

1. c4 c5 2. Nf3 b6 3. Nc3 Bb7 4. e3 Nf6 5. d4 cxd4 6. exd4 e6 7. d5 Bb4 8. Bd2 Qe7 9. Be2 exd5 10. Nxd5 Nxd5 11. cxd5 Bxd5 12. 0-0 Be6 13. Bf4 Qf6 14. Be5 Qh6 15. Qa4 Bc5 16. Bf4 Qf6 17. Be5 Qh6 18. Bf4 Qf6 19. Be5 1/2-1/2

[Event "Edmonton-ch"]
[Site "Edmonton"]
[Date "2015.01.22"]
[Round "2.1"]
[White "Wang, Richard"]
[Black "Hughey, Micah"]
[Result "1/2-1/2"]
[WhiteElo "2373"]
[BlackElo "2091"]
[PlyCount "93"]
[EventDate "2015.01.08"]
[EventType "k.o."]
[EventRounds "3"]
[EventCountry "CAN"]
[SourceTitle "EXT 2019"]
[Source "ChessBase"]
[SourceDate "2018.10.10"]
[SourceVersion "1"]
[SourceVersionDate "2018.10.10"]
[SourceQuality "1"]

1. d4 d5 2. Nf3 Nf6 3. Bg5 e6 4. e3 c5 5. c3 Nbd7 6. Bd3 h6 7. Bh4 Bd6 8. Nbd2 Qc7 9. Qe2 b6 10. dxc5 Nxc5 11. Bxf6 Nxd3+ 12. Qxd3 gxf6 13. a4 Bb7 14. a5 bxa5 15. 0-0 Qb6 16. Rfe1 Ba6 17. Qc2 Rb8 18. Qa4+ Kf8 19. Qh4 Be7 20. e4 dxe4 21. Nxe4 f5 22. Nf6 Qd8 23. Rad1 Bd3 24. Qf4 Rxb2 25. Ne5 Bxf6 26. Rxd3 Qe7 27. Red1 Kg7 28. Rd7 Bxe5 29. Qxe5+ Qf6 30. Qxa5 Rc8 31. Qxa7 Rxc3 32. h3 Rcc2 33. Rxf7+ Qxf7 34. Rd7 Qxd7 35. Qxd7+ Kf6 36. Qd4+ Kg6 37. Qe5 Re2 38. Qg3+ Kf7 39. Qc7+ Kf6 40. Qc3+ e5 41. h4 f4 42. Qc6+ Kg7 43. h5 Rxf2 44. Qg6+ Kf8 45. Qxh6+ Kg8 46. Qe6+ Kf8 47. Qh6+ 1/2-1/2

[Event "Edmonton-ch"]
[Site "Edmonton"]
[Date "2015.01.19"]
[Round "1.3"]
[White "Hughey, Micah"]
[Black "Zeggelaar, Mike"]
[Result "1-0"]
[WhiteElo "2091"]
[BlackElo "1918"]
[PlyCount "41"]
[EventDate "2015.01.08"]
[EventType "k.o."]
[EventRounds "3"]
[EventCountry "CAN"]
[SourceTitle "EXT 2019"]
[Source "ChessBase"]
[SourceDate "2018.10.10"]
[SourceVersion "1"]
[SourceVersionDate "2018.10.10"]
[SourceQuality "1"]

1. c4 e5 2. Nc3 Nf6 3. Nf3 d6 4. d4 exd4 5. Nxd4 g6 6. Bg5 Bg7 7. e4 h6 8. Bh4 Qe7 9. f3 g5 10. Bf2 Bd7 11. Qd2 Nc6 12. 0-0-0 0-0 13. g4 Ne5 14. Be2 a6 15. h4 Nh7 16. hxg5 Nxg5 17. f4 c5 18. Nf5 Bxf5 19. gxf5 Rad8 20. fxg5 hxg5 21. Nd5 1-0

[Event "WBX-Tch"]
[Site "Edmonton"]
[Date "2014.12.13"]
[Round "3.3"]
[White "Dean, Tim"]
[Black "Hughey, Micah"]
[Result "0-1"]
[WhiteElo "1958"]
[BlackElo "2212"]
[PlyCount "162"]
[EventDate "2014.12.13"]
[EventType "swiss"]
[EventRounds "5"]
[EventCountry "CAN"]
[SourceTitle "EXT 2022"]
[Source "ChessBase"]
[SourceDate "2021.10.06"]
[SourceVersion "1"]
[SourceVersionDate "2021.10.06"]
[SourceQuality "1"]

1. e4 e5 2. Nf3 Nc6 3. Bb5 Nf6 4. d3 Bc5 5. 0-0 d6 6. c3 Bd7 7. h3 0-0 8. Re1 a6 9. Ba4 Re8 10. Nbd2 b5 11. Bc2 d5 12. Nb3 Ba7 13. Bg5 dxe4 14. dxe4 Be6 15. Nbd2 h6 16. Bh4 Qe7 17. Qe2 Red8 18. b4 Rab8 19. a4 g5 20. Nxg5 hxg5 21. Bxg5 Kg7 22. Qf3 Rh8 23. axb5 axb5 24. Nf1 Bb6 25. Ng3 Rbg8 26. Bb3 Kg6 27. Nf5 Bxf5 28. Qxf5+ Kg7 29. Rad1 Rd8 30. Bd5 Rd6 31. Rd3 Nb8 32. Rf3 Nbd7 33. Rg3 Kf8 34. Ra1 c6 35. Ra8+ Bd8 36. Bxc6 Rxc6 37. Rd3 Kg7 38. Rg3 Kf8 39. Rd3 Kg7 40. Ra7 Rd6 41. Rxd7 Rxd7 42. Rxd7 Qe8 43. Rd6 Qe7 44. Rd7 Qe8 45. Rb7 Qc6 46. Rb8 Be7 47. Bxf6+ Qxf6 48. Qxf6+ Bxf6 49. Rxb5 Rc8 50. Rc5 Rxc5 51. bxc5 Kf8 52. Kf1 Ke7 53. Ke2 Kd7 54. Kd3 Kc6 55. Kc4 Be7 56. g3 Bxc5 57. f4 Bf2 58. fxe5 Bxg3 59. Kd4 Bh4 60. Ke3 Kd7 61. Kf4 Ke6 62. c4 Bf2 63. Kf3 Bd4 64. h4 Bxe5 65. Kg4 Bd4 66. Kf4 Kf6 67. h5 Be5+ 68. Kg4 Bd6 69. h6 Kg6 70. h7 Kxh7 71. Kf5 Kg7 72. e5 Bb4 73. e6 f6 74. Kf4 Kf8 75. Ke4 Ke7 76. Kd5 Ba3 77. c5 Bxc5 78. Kxc5 Kxe6 79. Kd4 Kf5 80. Ke3 Kg4 81. Kf2 Kf4 0-1

[Event "Edmonton Northern Alberta op"]
[Site "Edmonton"]
[Date "2014.02.16"]
[Round "4.3"]
[White "Hughey, Micah"]
[Black "Rekhson, Vladislav"]
[Result "1/2-1/2"]
[WhiteElo "2141"]
[BlackElo "2259"]
[PlyCount "51"]
[EventDate "2014.02.15"]
[EventType "swiss"]
[EventRounds "5"]
[EventCountry "CAN"]
[SourceTitle "EXT 2022"]
[Source "ChessBase"]
[SourceDate "2021.10.06"]
[SourceVersion "1"]
[SourceVersionDate "2021.10.06"]
[SourceQuality "1"]

1. e4 c5 2. Nf3 a6 3. c3 g6 4. d4 cxd4 5. cxd4 d5 6. Nc3 dxe4 7. Nxe4 Bg7 8. Be2 Qd5 9. Nc3 Qd6 10. Ne4 Qb4+ 11. Bd2 Qxb2 12. 0-0 Bf5 13. Rb1 Qxa2 14. Nc3 Qe6 15. Rxb7 Nf6 16. Qa4+ Nfd7 17. d5 Qf6 18. Bg5 Qd6 19. Nb5 axb5 20. Qxa8 0-0 21. Rxb5 e6 22. dxe6 Qxe6 23. Be3 Nc6 24. Qa6 Nd4 25. Ra5 Nxf3+ 26. gxf3 1/2-1/2

[Event "Edmonton Northern Alberta op"]
[Site "Edmonton"]
[Date "2014.02.15"]
[Round "1.9"]
[White "Mahammadov, Elmir"]
[Black "Hughey, Micah"]
[Result "0-1"]
[WhiteElo "1588"]
[BlackElo "2141"]
[PlyCount "54"]
[EventDate "2014.02.15"]
[EventType "swiss"]
[EventRounds "5"]
[EventCountry "CAN"]
[SourceTitle "EXT 2022"]
[Source "ChessBase"]
[SourceDate "2021.10.06"]
[SourceVersion "1"]
[SourceVersionDate "2021.10.06"]
[SourceQuality "1"]

1. e4 e5 2. Nf3 Nc6 3. Bb5 Nf6 4. 0-0 Nxe4 5. Re1 Nd6 6. Bxc6 dxc6 7. Nxe5 Be7 8. Nc3 0-0 9. d4 f6 10. Nd3 Nf5 11. Be3 Re8 12. Nf4 Bd6 13. d5 Nxe3 14. fxe3 Bd7 15. Qf3 cxd5 16. Qxd5+ Kh8 17. Qxb7 Rb8 18. Qxa7 Rxb2 19. Rac1 Qe7 20. Nd3 Rbb8 21. Nd5 Qe4 22. Nxc7 Rb7 23. Qa6 Bc6 24. Re2 Bxc7 25. Nc5 Bxh2+ 26. Kh1 Qh4 27. Nxb7 Bg3+ 0-1

[Event "Edmonton-ch"]
[Site "Edmonton"]
[Date "2012.01.05"]
[Round "1.1"]
[White "Hughey, Micah"]
[Black "Razzaq, Ali"]
[Result "1-0"]
[WhiteElo "2049"]
[BlackElo "1833"]
[PlyCount "35"]
[EventDate "2012.01.05"]
[EventType "k.o."]
[EventRounds "4"]
[EventCountry "CAN"]
[SourceTitle "EXT 2019"]
[Source "ChessBase"]
[SourceDate "2018.10.10"]
[SourceVersion "1"]
[SourceVersionDate "2018.10.10"]
[SourceQuality "1"]

1. e4 c6 2. d4 d5 3. exd5 cxd5 4. c4 Nf6 5. Nc3 Nc6 6. Nf3 e6 7. c5 Be7 8. Bd3 0-0 9. 0-0 e5 10. dxe5 Ng4 11. Nxd5 Bxc5 12. Bxh7+ Kxh7 13. Qc2+ Kg8 14. Qxc5 Ngxe5 15. Nxe5 Nxe5 16. Ne7+ Kh7 17. Qxe5 Bg4 18. Qg5 1-0

[Event "Edmonton-ch"]
[Site "Edmonton"]
[Date "2011.01.13"]
[Round "1.2"]
[White "Hughey, Micah"]
[Black "Pedersen, Rick"]
[Result "1-0"]
[WhiteElo "2182"]
[BlackElo "2067"]
[PlyCount "63"]
[EventDate "2011.01.06"]
[EventType "k.o."]
[EventRounds "4"]
[EventCountry "CAN"]
[SourceTitle "EXT 2013"]
[Source "ChessBase"]
[SourceDate "2012.11.22"]
[SourceVersion "1"]
[SourceVersionDate "2012.11.22"]
[SourceQuality "1"]

1. d4 g6 2. c4 Bg7 3. Nc3 Nf6 4. e4 d6 5. Nf3 0-0 6. h3 c5 7. d5 e6 8. Bd3 exd5 9. exd5 Re8+ 10. Be3 Nbd7 11. 0-0 a6 12. a4 b6 13. Qd2 Ne5 14. Nxe5 dxe5 15. a5 Nd7 16. Na4 e4 17. Be2 bxa5 18. Nxc5 Rb8 19. Ra2 Qc7 20. Nxd7 Bxd7 21. c5 Bb5 22. Rc1 Bxe2 23. Qxe2 Qe5 24. d6 Qd5 25. Qc4 Qc6 26. Rxa5 Rb5 27. Qa4 Ra8 28. Rxb5 axb5 29. Qxa8+ Qxa8 30. c6 Bxb2 31. c7 Be5 32. c8Q+ 1-0

[Event "Edmonton-ch"]
[Site "Edmonton"]
[Date "2011.01.06"]
[Round "1.1"]
[White "Pedersen, Rick"]
[Black "Hughey, Micah"]
[Result "0-1"]
[WhiteElo "2067"]
[BlackElo "2182"]
[PlyCount "80"]
[EventDate "2011.01.06"]
[EventType "k.o."]
[EventRounds "4"]
[EventCountry "CAN"]
[SourceTitle "EXT 2013"]
[Source "ChessBase"]
[SourceDate "2012.11.22"]
[SourceVersion "1"]
[SourceVersionDate "2012.11.22"]
[SourceQuality "1"]

1. e4 e5 2. Nf3 Nc6 3. Bb5 Nf6 4. Qe2 a6 5. Ba4 d6 6. c3 g6 7. h3 Bg7 8. 0-0 0-0 9. d3 b5 10. Bc2 h6 11. Be3 Re8 12. Nbd2 Bb7 13. a4 Qd7 14. Rfd1 Rab8 15. axb5 axb5 16. d4 exd4 17. Nxd4 Nxd4 18. Bxd4 c5 19. Bxf6 Bxf6 20. Nf1 b4 21. Ra7 Ra8 22. Rxa8 Rxa8 23. e5 Qc6 24. f4 dxe5 25. f5 bxc3 26. fxg6 cxb2 27. gxf7+ Kf8 28. Qg4 Qxg2+ 29. Qxg2 Bxg2 30. Kxg2 Ra1 31. Nd2 Rc1 32. Ba4 c4 33. Nb1 c3 34. Na3 Be7 35. Bb3 Bxa3 36. Rd8+ Kg7 37. Rg8+ Kf6 38. f8Q+ Bxf8 39. Rxf8+ Ke7 40. Rf7+ Ke8 0-1

[Event "Edmonton-ch"]
[Site "Edmonton"]
[Date "2010.01.07"]
[Round "1"]
[White "Hughey, Micah"]
[Black "Razzaq, Ali"]
[Result "1-0"]
[WhiteElo "2218"]
[BlackElo "1931"]
[PlyCount "77"]
[EventDate "2010.01.07"]
[EventType "k.o."]
[EventRounds "2"]
[EventCountry "CAN"]
[SourceTitle "EXT 2011"]
[Source "ChessBase"]
[SourceDate "2010.11.26"]
[SourceVersion "1"]
[SourceVersionDate "2010.11.26"]
[SourceQuality "1"]

1. d4 d5 2. Nf3 Nf6 3. e3 c6 4. Bd3 Bg4 5. c4 e6 6. Qb3 Bxf3 7. Qxb7 Bxg2 8. Rg1 Nbd7 9. Rxg2 Qc8 10. Qxc8+ Rxc8 11. Nc3 g6 12. Bd2 Bg7 13. f4 0-0 14. c5 Rb8 15. Rb1 Rb7 16. Ba6 Rb4 17. b3 Rfb8 18. Rc1 Rd8 19. Ne4 Rbb8 20. Nd6 Ne4 21. Ba5 Rf8 22. Bc7 Rb4 23. Nxe4 dxe4 24. Rb2 Nb8 25. Bf1 f5 26. a3 Rb7 27. Bd6 Rd8 28. b4 Kf7 29. a4 a6 30. Rcb1 h6 31. b5 axb5 32. axb5 Rxd6 33. cxd6 c5 34. dxc5 Bxb2 35. Rxb2 g5 36. c6 Nxc6 37. bxc6 Rxb2 38. c7 Rc2 39. d7 1-0

[Event "Lethbridge op"]
[Site "Lethbridge"]
[Date "2009.04.05"]
[Round "4"]
[White "Sequillion, Aaron"]
[Black "Hughey, Micah"]
[Result "0-1"]
[WhiteElo "1952"]
[BlackElo "2179"]
[PlyCount "66"]
[EventDate "2009.04.04"]
[EventType "swiss"]
[EventRounds "5"]
[EventCountry "CAN"]
[SourceTitle "EXT 2011"]
[Source "ChessBase"]
[SourceDate "2010.11.26"]
[SourceVersion "1"]
[SourceVersionDate "2010.11.26"]
[SourceQuality "1"]

1. e4 e5 2. Nf3 Nc6 3. Bb5 a6 4. Ba4 Nf6 5. 0-0 Be7 6. Re1 b5 7. Bb3 0-0 8. a4 Bb7 9. c3 d5 10. exd5 Nxd5 11. Nxe5 Nxe5 12. Rxe5 Nf4 13. d4 Nxg2 14. axb5 Nh4 15. Nd2 Bd6 16. Rh5 Qf6 17. Qg4 Nf3+ 18. Nxf3 Bxf3 19. Qf5 Bxh5 20. Qxh5 axb5 21. Rxa8 Rxa8 22. Be3 Ra1+ 23. Kg2 Qg6+ 24. Qxg6 hxg6 25. Bc2 Ra2 26. Bc1 Ba3 27. Be4 Ra1 28. Bf4 Bxb2 29. Bxc7 Bxc3 30. Bc6 b4 31. d5 b3 32. d6 b2 33. Be4 Be5 0-1

[Event "Edmonton-ch"]
[Site "Edmonton"]
[Date "2009.02.05"]
[Round "3"]
[White "Hughey, Micah"]
[Black "Porper, Edward"]
[Result "1/2-1/2"]
[WhiteElo "2152"]
[BlackElo "2455"]
[PlyCount "55"]
[EventDate "2009.01.08"]
[EventType "k.o."]
[EventRounds "3"]
[EventCountry "CAN"]
[SourceTitle "EXT 2011"]
[Source "ChessBase"]
[SourceDate "2010.11.26"]
[SourceVersion "1"]
[SourceVersionDate "2010.11.26"]
[SourceQuality "1"]

1. e4 d6 2. d4 Nf6 3. Nc3 e5 4. dxe5 dxe5 5. Qxd8+ Kxd8 6. Bg5 Be6 7. f4 exf4 8. Nf3 Kc8 9. 0-0-0 Bb4 10. Nd5 Bxd5 11. exd5 Ng4 12. Bd3 g6 13. Rdf1 Bd6 14. Nd2 Ne3 15. Rf2 Nd7 16. Bxf4 Bxf4 17. Rxf4 Ne5 18. Be4 Rd8 19. Re1 Nxd5 20. Rh4 h5 21. Bf5+ Nd7 22. Rd4 N5f6 23. Bh3 Ng4 24. Bxg4 hxg4 25. Rxg4 a5 26. Re7 Ra6 27. Nf3 Rf6 28. Rh4 1/2-1/2

[Event "Edmonton-ch"]
[Site "Edmonton"]
[Date "2009.01.27"]
[Round "2"]
[White "Hughey, Micah"]
[Black "Pedersen, Rick"]
[Result "1-0"]
[WhiteElo "2152"]
[BlackElo "2091"]
[PlyCount "21"]
[EventDate "2009.01.08"]
[EventType "k.o."]
[EventRounds "3"]
[EventCountry "CAN"]
[SourceTitle "EXT 2011"]
[Source "ChessBase"]
[SourceDate "2010.11.26"]
[SourceVersion "1"]
[SourceVersionDate "2010.11.26"]
[SourceQuality "1"]

1. e4 d6 2. d4 Nf6 3. Nc3 g6 4. Bc4 Bg7 5. Qe2 Nc6 6. e5 Nd7 7. Nf3 dxe5 8. Bxf7+ Kxf7 9. Ng5+ Kg8 10. Qc4+ e6 11. Qxe6+ 1-0

[Event "Edmonton Obama op"]
[Site "Edmonton"]
[Date "2008.11.13"]
[Round "2"]
[White "Seehagen, Terry"]
[Black "Hughey, Micah"]
[Result "0-1"]
[WhiteElo "1690"]
[BlackElo "2190"]
[PlyCount "42"]
[EventDate "2008.11.06"]
[EventType "swiss"]
[EventRounds "4"]
[EventCountry "CAN"]
[SourceTitle "EXT 2022"]
[Source "ChessBase"]
[SourceDate "2021.10.06"]
[SourceVersion "1"]
[SourceVersionDate "2021.10.06"]
[SourceQuality "1"]

1. e4 e5 2. Bc4 Nc6 3. f4 Bc5 4. Nf3 d6 5. b4 Bb6 6. a4 a6 7. c3 Nf6 8. d3 0-0 9. Na3 exf4 10. Bxf4 d5 11. exd5 Nxd5 12. Bxd5 Qxd5 13. c4 Qe6+ 14. Kd2 Nxb4 15. Re1 Qf5 16. Re4 Be6 17. g4 Qxg4 18. Bd6 Qg2+ 19. Re2 Qxf3 20. Bxb4 Rfd8 21. Kc2 Bg4 0-1

[Event "Edmonton Halloween op"]
[Site "Edmonton"]
[Date "2008.10.23"]
[Round "4"]
[White "Gardner, Robert"]
[Black "Hughey, Micah"]
[Result "1-0"]
[WhiteElo "2237"]
[BlackElo "2226"]
[PlyCount "33"]
[EventDate "2008.10.02"]
[EventType "swiss"]
[EventRounds "5"]
[EventCountry "CAN"]
[SourceTitle "EXT 2011"]
[Source "ChessBase"]
[SourceDate "2010.11.26"]
[SourceVersion "1"]
[SourceVersionDate "2010.11.26"]
[SourceQuality "1"]

1. f4 Nf6 2. Nf3 c5 3. d3 g6 4. e4 d6 5. Be2 Bg7 6. 0-0 0-0 7. c3 Nc6 8. h3 c4 9. Be3 b6 10. Nbd2 cxd3 11. Bxd3 Bb7 12. Qe1 e5 13. f5 gxf5 14. exf5 d5 15. Bb5 Qc7 16. Qg3 Nd7 17. Bh6 1-0

[Event "Edmonton Back To School op"]
[Site "Edmonton"]
[Date "2008.09.11"]
[Round "2"]
[White "Pechenkin, Vladimir"]
[Black "Hughey, Micah"]
[Result "1/2-1/2"]
[WhiteElo "2313"]
[BlackElo "2186"]
[PlyCount "93"]
[EventDate "2008.09.04"]
[EventType "swiss"]
[EventRounds "4"]
[EventCountry "CAN"]
[SourceTitle "EXT 2011"]
[Source "ChessBase"]
[SourceDate "2010.11.26"]
[SourceVersion "1"]
[SourceVersionDate "2010.11.26"]
[SourceQuality "1"]

1. f4 e5 2. fxe5 d6 3. exd6 Bxd6 4. Nf3 g5 5. g3 g4 6. Nh4 Be7 7. Ng2 h5 8. Nf4 h4 9. Bg2 Nf6 10. d4 Nc6 11. c3 Bf5 12. Nd2 h3 13. Bf1 Nxd4 14. cxd4 Qxd4 15. e3 Qxe3+ 16. Qe2 Qd4 17. Qc4 Qe3+ 18. Be2 0-0-0 19. Nb3 Qb6 20. Qb5 Bb4+ 21. Bd2 Rxd2 22. Nxd2 Bxd2+ 23. Kxd2 Ne4+ 24. Ke1 Qf2+ 25. Kd1 Rd8+ 26. Nd3 c6 27. Qc4 Rd4 28. Qc2 Nc5 29. Qxc5 Rxd3+ 30. Bxd3 Qxc5 31. Bxf5+ Qxf5 32. Kd2 Qd5+ 33. Kc2 b5 34. a3 Qg2+ 35. Kb3 Qd5+ 36. Kc2 Qg2+ 37. Kc3 c5 38. Rag1 b4+ 39. axb4 cxb4+ 40. Kb3 Qb7 41. Rc1+ Kb8 42. Rhd1 a5 43. Ka4 Qg2 44. Kxa5 Qxb2 45. Rd8+ Kb7 46. Rd7+ Kb8 47. Rd8+ 1/2-1/2

[Event "Edmonton Ottosen op"]
[Site "Edmonton"]
[Date "2008.08.28"]
[Round "4"]
[White "Thompson, Peter"]
[Black "Hughey, Micah"]
[Result "0-1"]
[WhiteElo "1806"]
[BlackElo "2218"]
[PlyCount "46"]
[EventDate "2008.08.07"]
[EventType "swiss"]
[EventRounds "4"]
[EventCountry "CAN"]
[SourceTitle "EXT 2011"]
[Source "ChessBase"]
[SourceDate "2010.11.26"]
[SourceVersion "1"]
[SourceVersionDate "2010.11.26"]
[SourceQuality "1"]

1. d4 d5 2. Nf3 c5 3. dxc5 e6 4. b4 a5 5. c3 axb4 6. cxb4 b6 7. Bb2 bxc5 8. bxc5 Nf6 9. e3 Bxc5 10. Bb5+ Bd7 11. Bxd7+ Nbxd7 12. 0-0 0-0 13. Nc3 Qe7 14. a4 Ra6 15. Nb5 Ne4 16. Qd3 Bb6 17. Nbd4 Rfa8 18. Qb5 Nd6 19. Qb3 Nc5 20. Qb4 Nd3 21. Qb3 Nc5 22. Qb4 Nc4 23. Ne5 Nxe5 0-1